000 00783nam a2200205Ii 4500
003 JO-AjNU
008 230605s9999||||xx |||||||||||||| ||und||
017 _a2006/6/1546
040 _aJO-AjNU
_bara
_erda
_cJO-AjNU
041 _aara
050 1 4 _aPJ7755.A45.Z58 2005
100 3 _aإعداد الدخيل محمد ماجد مجلي,
_eauthor
_910882
245 0 0 _aالصورة الفنية في الشعر الأندلسي: شعر الأعمى التطيلي (ت 525 هـ) أنموذجا
264 3 1 _aإربد:دار الكندي للنشر،2006
300 _a211ص
336 _atext
_btxt
_2rdacontent
337 _aunmediated
_bn
_2rdamedia
338 _avolume
_bnc
_2rdacarrier
650 4 _a شعر أندلسي - تاريخ ونقد - شعراء أندلسيون.
_910883
999 _aA2036
_c5604
_d5604